50 Evergreen Ragas of Carnatic Music / (Record no. 46002)
[ view plain ]
| 000 -LEADER | |
|---|---|
| fixed length control field | 01967nam a22001937a 4500 |
| 003 - CONTROL NUMBER IDENTIFIER | |
| control field | CUTN |
| 005 - DATE AND TIME OF LATEST TRANSACTION | |
| control field | 20251022151906.0 |
| 008 - FIXED-LENGTH DATA ELEMENTS--GENERAL INFORMATION | |
| fixed length control field | 251022b |||||||| |||| 00| 0 eng d |
| 041 ## - LANGUAGE CODE | |
| Language | English |
| 082 ## - DEWEY DECIMAL CLASSIFICATION NUMBER | |
| Edition number | 23 |
| Classification number | 781.629 |
| Item number | SUR |
| 100 ## - MAIN ENTRY--PERSONAL NAME | |
| Personal name | Suresh, Vidya Bhavani |
| 245 ## - TITLE STATEMENT | |
| Title | 50 Evergreen Ragas of Carnatic Music / |
| Statement of responsibility, etc | Vidya Bhavani Suresh |
| 260 ## - PUBLICATION, DISTRIBUTION, ETC. (IMPRINT) | |
| Place of publication, distribution, etc | Chennai: |
| Name of publisher, distributor, etc | Skanda Publications & Vidya Bhavani Suresh, |
| Date of publication, distribution, etc | 2014. |
| 300 ## - PHYSICAL DESCRIPTION | |
| Extent | 263 p. ; pbk. |
| Other physical details | col.ill.: |
| Dimensions | 22 cm. |
| 520 ## - SUMMARY, ETC. | |
| Summary, etc | Bharatanatyam Exponent, musicologist, researcher, choreographer, orator, author- these are but a few attributes of the multi-faceted personality Vidya Bhavani Suresh. Vidya began her formal training in Bharatanatyam under the eminent guru, V.P. Dhananjayan. She continued and completed her tutelage under the renowned guru K.J. Sarasa. After a continuous and strenuous learning experience of 12 years, Vidya had her Arangetram (first formal performance), at the age of 16 years. From then on, Vidya has been an active and innovative performer and researcher. Her performances have always stood apart for their profound research-based content and uniqueness. It has always been Vidya's attempt to take Bharatanatyam very close to the common viewer. Being equally alert to social problems, Vidya has also presented full-length thought-provoking programmes highlighting child labour, unemployment. women's problems, etc.<br/><br/>Vidya is also an accomplished Carnatic music singer, having undergone systematic training in the form. She continues to enrich her repertoire by continuing her association and training with her guru, the reputed Vidushi, A.P. Komala. Vidya's deep knowledge of Carnatic music has enabled her to specialise as a musicologist. Vidya has written more than 14 small books and 3 large and detailed tomes on Carnatic music, which are widely respected as authentic and authoritative books on the subject. |
| 650 ## - SUBJECT ADDED ENTRY--TOPICAL TERM | |
| Topical term or geographic name as entry element | Carnatic Music |
| 690 ## - LOCAL SUBJECT ADDED ENTRY--TOPICAL TERM (OCLC, RLIN) | |
| Department Name | Music |
| 942 ## - ADDED ENTRY ELEMENTS (KOHA) | |
| Source of classification or shelving scheme | Dewey Decimal Classification |
| Koha item type | General Books |
| Withdrawn status | Lost status | Source of classification or shelving scheme | Damaged status | Not for loan | Collection code | Home library | Location | Shelving location | Date of Cataloging | Total Checkouts | Full call number | Barcode | Date last seen | Price effective from | Koha item type |
|---|---|---|---|---|---|---|---|---|---|---|---|---|---|---|---|
| Dewey Decimal Classification | Non-fiction | CUTN Central Library | CUTN Central Library | Arts & Sports | 22/10/2025 | 781.629 SUR | 48929 | 22/10/2025 | 22/10/2025 | General Books |
